Statistics for Biggest Cities in South Carolina

Click here to take the quiz!

General Stats

  • This quiz has been taken 2,303 times
    (580 since last reset)
  • The average score is 10 of 20

Answer Stats

PopulationCity% Correct
136,208Charleston
98%
133,451Columbia
98%
68,563Greenville
82%
33,908Myrtle Beach
78%
37,644Spartanburg
68%
113,237North Charleston
67%
37,625Florence
55%
39,639Hilton Head Island
51%
74,309Rock Hill
49%
89,338Mount Pleasant
44%
27,380Anderson
43%
30,778Aiken
39%
39,656Sumter
36%
51,692Summerville
31%
24,980Conway
25%
23,584North Augusta
25%
32,102Greer
22%
42,841Goose Creek
21%
25,193Mauldin
18%
25,765Hanahan
8%

Score Distribution

Percentile by Number Answered

Percent of People with Each Score

Your Score History

You have not taken this quiz since the last reset